An assessment of the impact of the Citizen Economic Empowerment Fund (CEEF) on the growth of SMEs: a focus on Lusaka District (Record no. 35132)

MARC details
000 -LEADER
fixed length control field 00817nam a2200181 a 4500
008 - FIXED-LENGTH DATA ELEMENTS--GENERAL INFORMATION
fixed length control field 180209s2016 ||||||||||||||||| || u
050 ## - LIBRARY OF CONGRESS CALL NUMBER
Classification number CBU-PG THESIS/MWI
100 ## - MAIN ENTRY--PERSONAL NAME
Personal name Mwiinga, Brian
245 13 - TITLE STATEMENT
Title An assessment of the impact of the Citizen Economic Empowerment Fund (CEEF) on the growth of SMEs: a focus on Lusaka District
Statement of responsibility, etc. by Brian Mwiinga
260 ## - PUBLICATION, DISTRIBUTION, ETC.
Place of publication, distribution, etc. Kitwe:
Name of publisher, distributor, etc. Copperbelt University
Date of publication, distribution, etc. 2016
300 ## - PHYSICAL DESCRIPTION
Extent ix,76p.: ill.
500 ## - GENERAL NOTE
General note Includes References
650 ## - SUBJECT ADDED ENTRY--TOPICAL TERM
Topical term or geographic name entry element SMALL AND MEDIUM ENTERPRISES-- LUSAKA
650 ## - SUBJECT ADDED ENTRY--TOPICAL TERM
Topical term or geographic name entry element SMALL AND MEDIUM ENTERPRISES
650 ## - SUBJECT ADDED ENTRY--TOPICAL TERM
Topical term or geographic name entry element SMALL AND MEDIUM ENTERPRISES (SMEs)--FUNDING OF-
650 #0 - SUBJECT ADDED ENTRY--TOPICAL TERM
Topical term or geographic name entry element SMALL BUSINESS
995 ## - RECOMMENDATION 995 [LOCAL, UNIMARC FRANCE]
-- CBU-MAIN LIBRARY (Kitwe)
-- 1
-- AVAILABLE
-- Feb 9, 2018
-- Copperbelt University
-- University Collection
Holdings
Withdrawn status Lost status Source of classification or shelving scheme Damaged status Not for loan Home library Current library Shelving location Date acquired Total Checkouts Full call number Barcode Date last seen Price effective from Koha item type
          CBU-MAIN LIBRARY, KITWE. CBU-MAIN LIBRARY, KITWE.   11/30/2022   CBU-PG THESIS/MWI B3453 11/30/2022 11/30/2022 MONOGRAPH